000 01082nam a2200265 i 4500
001 135466
003 ES-MaACL
005 20240409175937.0
007 t|
008 070718s1984 sp |||| |dspa d
080 _a821.134.2-14"15"
080 _a821.134.2 Torre, Fco. de la (ca. 1534.-ca. 1594) 1.07
100 1 _aTorre, Francisco de la (
_dca. 1534-ca. 1594)
_9158877
245 1 0 _aPoesía completa
_b: seguida de Traducciones de Horacio y de Petrarca, del Maestro Sánchez Brocense, Fray Luis de León, de Juan Almeida y Alonso de Espinosa /
_cFrancisco de la Torre ; edición de Mª Luisa Cerrón Puga.
246 3 0 _aTraducciones de Horacio y de Petrarca, del Maestro Sánchez Brocense, Fray Luis de León, de Juan Almeida y Alonso de Espinosa
260 _aMadrid :
_bCátedra,
_c[1984]
300 _a321 p. ;
_c18 cm.
490 1 _aLetras hispánicas ;
_v207
500 _aÍndices.
700 1 _aCerrón Puga, María Luisa.
_937575
830 0 0 _aLetras hispánicas ;
_v207
_9235703
852 _aES-MaACL
_jL-7932
942 _2udc
999 _c135466
_d135466